La Presó de dones de Barcelona : Les Corts (1939 - 1959) / Ma. Pilar Molina Javierre Les Corts (1939 - 1959) / Ma. Pilar Molina Javierre
MARC
| LEADER | 00000nam a2200000Ia 4500 | ||
|---|---|---|---|
| 001 | 23091 | ||
| 003 | AGDB | ||
| 005 | 20260324175820.0 | ||
| 008 | 160829s2010 xx 000 0 cat d | ||
| 020 | |a 978-84-9850-225-8 | ||
| 080 | |a H-3-128 | ||
| 100 | |a Molina Javierre, Ma. Pilar |9 42274 | ||
| 245 | |a La Presó de dones de Barcelona : |b Les Corts (1939 - 1959) / Ma. Pilar Molina Javierre | ||
| 260 | |a Barcelona : |b Ajuntament de Barcelona. Districte de Les Corts, |c 2010 | ||
| 300 | |a 415 p. : |b il., gràfics, taules ; |c 21 cm | ||
| 590 | |a Bibliografia | ||
| 610 | 2 | 0 | |a Les Corts (Barcelona : Barri) |x Història |9 52916 |
| 650 | |a Presó de Dones de Barcelona |9 42275 | ||
| 650 | |a Preses |x Catalunya |x Barcelona |x Història |x S. XX |9 42276 | ||
| 650 | |a Franquisme |x 1936-1959 I |9 42277 | ||
| 650 | |a Repressió política |x Barcelona |x 1939-1959 |9 42278 | ||
| 650 | 0 | |a Presons |z Barcelona (Catalunya) |x Història |y S. XX |9 42279 | |
| 650 | 0 | |a Presons de dones |z Barcelona (Catalunya) |x Història |y S. XX |9 72274 | |
| 710 | 2 | |a Barcelona (Catalunya). |b Districte de Les Corts |9 52915 | |
| 901 | |a Arxiu | ||
| 942 | |n 1 |2 udc |c ARXIU | ||
| 952 | |0 0 |1 0 |4 0 |6 H3128 |7 1 |9 50737 |a Arxiu |b Arxiu |d 2016-12-01 |l 0 |o H-3-128 |p 23091 |r 2016-12-01 00:00:00 |w 2016-12-01 |y ARXIU | ||
| 999 | |c 54579 |d 54579 | ||